| 000 | 00000nam##2200000za#4500 |
| 001 | 9.639094 |
| 003 | CaOODSP |
| 005 | 20210624222008 |
| 007 | cr ||||||||||| |
| 008 | 150407|2008||||xxc|||||o f|0| 0 fre|d |
| 040 | |aCaOODSP|bfre |
| 043 | |an-cn--- |
| 086 | 1 |aH34-177/2008F-PDF |
| 110 | 1 |aCanada. |bSanté Canada. |
| 245 | 10|aSanté environnementale et publique dans des communautés des Premières nations : |h[ressource électronique]|bune carrière qui fait une différence! |
| 260 | |aOttawa - Ontario : |bSanté Canada |cc2008. |
| 300 | |a1p.|bphotographies |
| 500 | |aLe n° de catalogue (H34-177/2008F) et l'ISBN (978-0-46331-3) copiés dans cette édition PDF sont incorrects. |
| 590 | |a12-29-Supp|b2012-06-25 |
| 691 | 07|aProfession|2gcpds |
| 691 | 07|aAutochtones|2gcpds |
| 775 | 08|tEnvironmental public health in First Nations Communities : |w(CaOODSP)9.694927 |
| 776 | 0#|tEnvironmental public health in First Nations Communities : |w(CaOODSP)9.670575 |
| 776 | 0#|tSanté environnementale et publique dans des communautés des Premières nations : |w(CaOODSP)9.670576 |
| 856 | 40|ahttp://publications.gc.ca|qPDF|s196 Ko|uhttps://publications.gc.ca/collections/collection_2011/sc-hc/H34-177-2008-fra.pdf |
| 986 | |aNo de publication de SC : 3488 |